100 Nachkommastellen von Pi in 60 Sekunden - Statistiken

Allgemein
  • Dieses Quiz wurde 6.180 mal gespielt
  • Das Durchschnittsergebnis liegt bei 38 aus 100
Antwortstatistiken
% Korrekt
1
100%
1
99%
4
99%
5
97%
9
96%
2
95%
6
93%
5
91%
3
89%
5
87%
8
85%
9
83%
7
80%
9
78%
3
76%
2
75%
3
73%
8
70%
4
69%
6
67%
2
65%
6
63%
4
62%
3
60%
3
58%
8
57%
3
56%
2
55%
7
54%
9
53%
5
52%
0
51%
2
50%
8
48%
8
48%
1
47%
4
47%
1
45%
7
45%
9
45%
6
42%
9
41%
3
40%
9
39%
3
37%
9
37%
5
35%
7
35%
1
34%
0
32%
5
29%
2
28%
8
28%
0
26%
9
26%
4
24%
7
24%
4
23%
9
23%
4
22%
5
21%
9
21%
2
19%
3
19%
0
18%
7
17%
1
16%
8
16%
4
15%
6
15%
0
14%
2
13%
6
13%
2
12%
6
12%
8
12%
0
11%
8
11%
9
11%
9
11%
8
10%
0
9%
2
9%
6
9%
8
9%
2
8%
3
8%
4
8%
8
8%
1
7%
3
7%
5
7%
1
6%
2
6%
4
6%
7
6%
0
5%
6
5%
7
5%
9
5%
Keine übereinstimmenden Quizze gefunden
Verteilung der Resultate
Anzahl Personen mit jedem Resultat
Perzentil nach korrekt beantworteten Fragen
Ihre Resultats-Entwicklung
Sie haben dieses Quiz noch nicht gespielt